Fundamentos de matemáticas para estadística elemental / (Registro nro. 7663)

Detalles MARC
000 -CABECERA
Campo de control interno 01856nam a2200241Ia 4500
008 - ELEMENTOS DE LONGITUD FIJA - INFORMACIÓN GENERAL
Campo de control de longitud fija 260220t1973||||xx |||||||||||||| ||spa||
040 ## - FUENTE DE CATALOGACIÓN
Agencia de catalogación original PY-SlUNAC
Idioma de catalogación spa
Convenciones de descripción rda
041 ## - CÓDIGO DE IDIOMA
Código de idioma para texto/pista de sonido o título separado spa
082 ## - NÚMERO DE CLASIFICACIÓN DECIMAL DEWEY
Clasificación Decimal Dewey (CDD) 519.5
Clasificación Expansiva de Cutter (EC) K199f
100 ## - ASIENTO PRINCIPAL - NOMBRE PERSONAL
Nombre personal Kearney, Patricia A.
Rol del autor Autor
245 #0 - TÍTULO
Título Fundamentos de matemáticas para estadística elemental /
Mención de responsabilidad por Patricia A. Kearney [Autor]
264 ## - PIE DE IMPRENTA
Lugar Ciudad de México :
Editorial John Wiley & Sons Ltd.,
Año ℗1973.
300 ## - DESCRIPCIÓN FÍSICA
Páginas 1 volumen
520 ## - NOTA DE RESUMEN
Nota de resumen El libro "Fundamentos de matemáticas para estadística elemental" de Patricia A. Kearney presenta una introducción accesible a los conceptos matemáticos esenciales para comprender la estadística. A lo largo de sus capítulos, Kearney aborda temas como la aritmética básica, álgebra, probabilidad y funciones, integrando ejemplos prácticos que facilitan la comprensión de las aplicaciones estadísticas. Se enfatiza la importancia de las matemáticas en la interpretación de datos y en la toma de decisiones basadas en evidencia. Además, el texto incluye ejercicios y problemas que permiten a los estudiantes practicar y consolidar su aprendizaje. Kearney también destaca la relación entre las matemáticas y las técnicas estadísticas, proporcionando un marco que ayuda a los lectores a desarrollar habilidades analíticas. Este enfoque didáctico lo convierte en una herramienta valiosa para aquellos que buscan adquirir los conocimientos matemáticos necesarios para avanzar en estudios de estadística, tanto a nivel académico como profesional, estableciendo una base sólida para el análisis de datos.
653 ## - MATERIA - TÉRMINO TEMÁTICO NO CONTROLADO (PALABRAS CLAVE)
Materia - término temático no controlado (palabras clave) Educación matemática
653 ## - MATERIA - TÉRMINO TEMÁTICO NO CONTROLADO (PALABRAS CLAVE)
Materia - término temático no controlado (palabras clave) Estadística
653 ## - MATERIA - TÉRMINO TEMÁTICO NO CONTROLADO (PALABRAS CLAVE)
Materia - término temático no controlado (palabras clave) Matemáticas
942 ## - ELEMENTOS PERSONALIZADOS (KOHA)
Fecha catalogación 2026/02/17
Tipo de documento Libros
Existencias
Fuente de Clasificacion Colección Ubicacion permanente Biblioteca actual Fecha de Ingreso a la Biblioteca Origen de adquisición Código de ubicación Código de barras Tipo de Item KOHA Nota pública
Dewey Decimal Classification Colección General (CG) Biblioteca e Internet, Facultad de Ciencias Exactas y Naturales Biblioteca e Internet, Facultad de Ciencias Exactas y Naturales 02/20/2026 Donación 519.5 K199f CG1023 Libros Material disponible en la Biblioteca e Intenet, Campus UNA, San Lorenzo.